Vznik a založenie spoločnosti s ručením obmedzeným

Základná charakteristika spoločnosti s ručením obmedzeným. Založenie spoločnosti. Spoločenská zmluva. Správa vkladu. Úkony pred založením spoločnosti s ručením obmedzeným. Návrh na zápis do obchodného registra. Prílohy: Vzor spoločenskej zmluvy. Návrh na zápis spoločnosti s.r.o. do obchodného regist...

Descrizione completa

Salvato in:
Dettagli Bibliografici
Autore principale: Černá, Anna
Natura: Capitolo di libro
Lingua:slovacco
Soggetti:
Tags: Aggiungi Tag
Nessun Tag, puoi essere il primo ad aggiungerne!!

MARC

LEADER 00000naa a2200000 4500
001 r030559
005 20230919080825.4
041 0 |a slo 
044 |a SK 
245 1 0 |a Vznik a založenie spoločnosti s ručením obmedzeným  |c Anna Černá 
520 |a Základná charakteristika spoločnosti s ručením obmedzeným. Založenie spoločnosti. Spoločenská zmluva. Správa vkladu. Úkony pred založením spoločnosti s ručením obmedzeným. Návrh na zápis do obchodného registra. Prílohy: Vzor spoločenskej zmluvy. Návrh na zápis spoločnosti s.r.o. do obchodného registra. 
610 2 0 |a spoločnosti s r.o. 
610 2 0 |a založenie podniku 
610 2 0 |a zmluvy spoločenské 
610 2 0 |a imanie základné 
610 2 0 |a register obchodný 
100 1 |a Černá, Anna